00680nam a2200229 a 4500001001300000003000900013005001700022008004100039020002600080082001500106100002200121245002800143260004200171300000900213500003500222505001000257650003700267902000800304942000700312952011600319999001500435nice12345678IN_TiNIC20260116012251.0050524s1993 loua grp 000 0 eng  a0664362 c572.8100a220.6bHAY aHaynes, Stephen R aTo Each Its Own Meaning aLouisvillebWestminister Press c1993 a251p aincludes index and biblioraphy2 aindex aBible-Criticism & Interpretation bSRS cBK 001040708StackRoom-aHMIbHMId2007-06-15g572.81l0o220.6 HAYp014929r2007-06-15v572.81w2005-05-24yBK c6313d6313